The Venture Bros. A to Z Quiz Stats

 Plays Quiz not verified by Sporcle

Support Sporcle.
Go Orange.
Score 0/26 Timer 05:00
0 Plays Today
Letter Answer % Correct
HH.E.L.P.eR.
90.2%
DDavid Bowie
87.3%
BBilly Quizboy
86.5%
Oorder of the triad
72.1%
T21 and 24
63.5%
Xx1
62.3%
Rthe revenge society
60.2%
Yyou're it!
57%
CCondom
55.7%
GGargantua-1
55.7%
KDr. Killinger
55.3%
UUnderbheit
48.8%
VVenchmen
40.2%
Letter Answer % Correct
SSky Pilot
39.3%
Ppirate captain
38.5%
ZZero
34.4%
WWinnebago
32.8%
Qquymn
31.1%
EDr. Entmann
25.4%
AAdam & the Ants
20.9%
LLi-Li
18.4%
II've come aflame again
16.4%
Mmichael sinterniklaas
12.3%
FThe Fraternity of Torment
11.9%
Nnien nunb
9%
JJasper McVain
3.3%

You're not logged in!

Compare scores with friends on all Sporcle quizzes.
OR
Log In
Forgot?

From the Vault

US City by Exit Sign

by Alex

If you don't know what city you're in, you should probably ask for directions.
Remove Ads.
Support Sporcle.
Get the best of Sporcle when you Go Orange. This ad-free experience offers more features, more stats, and more fun while also helping to support Sporcle. Thank you for becoming a member.

Show Comments

Extras

Top Quizzes Today


Score Distribution

Your Account Isn't Verified!

In order to create a playlist on Sporcle, you need to verify the email address you used during registration. Go to your Sporcle Settings to finish the process.

Report this User

Report this user for behavior that violates our Community Guidelines.

Details: